Socios Comerciales más Grandes - Palestina - Estadísticas

Estadísticas generales
  • Esta prueba ha sido intentada 68 veces
  • La puntuación promedio es 16 de 23
Estadísticas de respuestas
exports imports país % Correcto
368 mil China
94%
67,5 mil Egipto
89%
803 mil 3045 mil Israel
89%
14,8 mil 71,9 mil Arabia Saudita
87%
10,7 mil 55,6 mil Estados Unidos
86%
60,1 mil 142 mil Jordania
86%
72,4 mil España
84%
3,15 mil 379 mil Turquía
81%
1,56 mil 66,3 mil Francia
78%
4,54 mil Reino Unido
78%
0,92 mil 148 mil Alemania
76%
9,65 mil Catar
75%
18,7 mil Emiratos Árabes Unidos
73%
81,4 mil Japón
73%
1,31 mil 68,8 mil Italia
71%
39,9 mil Corea del Sur
65%
12,6 mil Kuwait
63%
1,80 mil 43,0 mil Países Bajos
57%
2,43 mil Argelia
54%
51,2 mil Suiza
52%
2,57 mil Polonia
49%
53,9 mil Ucrania
37%
0,84 mil Malta
14%
No se encontraron pruebas coincidentes
Distribución de puntuación
Porcentaje de gente con cada puntuación
Porcentaje por número respondido
Historial de tus puntuaciones
No has intentado esta prueba.